000 00965cam a2200301 a 4500
999 _c531977
_d531977
001 16302100
003 NUST
005 20191105120823.0
008 100625s2012 maua b 001 0 eng
010 _a 2010026551
020 _a9780138135966 (alk. paper)
020 _a0138135967 (alk. paper)
038 _aMSOHAIL
040 _aDLC
_cDLC
_dDLC
042 _apcc
050 0 0 _aTH438
_b.G68 2012
082 0 0 _a690
_222
100 1 _aGould, Frederick E.,
_d1954-
_925204
245 1 0 _aManaging the construction process :
_bestimating, scheduling, and project control /
_cFrederick E. Gould.
250 _a4th ed.
260 _aBoston :
_bPrentice Hall,
_cc2012.
300 _axiv, 290 p. :
_bill. (some col.) ;
_c29 cm.
504 _aIncludes bibliographical references and index.
650 0 _aBuilding
_xSuperintendence.
_919468
906 _a7
_bcbc
_corignew
_d1
_eecip
_f20
_gy-gencatlg
942 _2ddc
_cBK